[Event "Klubbmesterskapet 2017 (A)"]
[Site "Ås, Akershus NOR"]
[Date "2017.01.12"]
[Round "1"]
[White "Moberg, Jan Rune"]
[Black "Furnes, Torstein"]
[Result "1-0"]
[WhiteElo "1529"]
[BlackElo "1565"]
[PlyCount "67"]
[EventDate "2017.01.12"]

1. d4 d5 2. c4 e6 3. cxd5 exd5 4. Bf4 Nf6 5. e3 Bb4+ 6. Nc3 O-O 7. Rc1 c6 8.
Bd3 Bg4 9. f3 Bh5 10. Nge2 Re8 11. O-O Bd6 12. Bg5 h6 13. Bxf6 Qxf6 14. e4 dxe4
15. fxe4 Qh4 16. e5 Bc7 17. Qb3 Bb6 18. Kh1 Nd7 19. Rf4 Qe7 20. Ng3 Qg5 21.
Rcf1 Bxd4 22. Rxd4 Nxe5 23. Nce4 Qe3 24. Nf6+ Kh8 25. Re4 Qd2 26. Nxe8 Nxd3 27.
Re7 Nf4 28. Rxf4 Qxf4 29. Qc3 f6 30. Nxg7 Qd6 31. Re1 Bf7 32. N7f5 Qd8 33. Ne7
Qd6 34. Ngf5 1-0